Quizzes
Events
Quiz Creation
Community
Videos
Private Events
Remove Ads
Sign In
Join for FREE
Feedback
Dark Mode
Quiz Categories
Sports
Geography
Music
Movies
Television
Just For Fun
Miscellaneous
History
Literature
Language
Science
Gaming
Entertainment
Religion
Holiday
For Kids
Quiz Lab
Recent
Popular Today
Quiz Kudos Today
Editor Picks
Curator Picks
Quizzes by...
Day
Popularity
Type
Ratings
Length
Year
Community
Subscriptions
Recent Discussions
Orange Saloon
Badges
Playlists
Quests
Create
Leaderboards
Showdown
Live 5
Trivia Bingo
Activity
Puzzle Library
Sporcle Events
Private Events
Virtual Trivia
Globe League
Become a Host
Pub Owners
SporcleCon
Opinionation
Our Games
Videos
Blog
Mobile Apps
Partnerships
Remove Ads and Go Orange
Feedback
Gaming
Video Games
Board Games
Card Games
Pokémon
Mario
Nintendo
Minecraft
Console
Toys
Legend of Zelda
Gaming
Video Games
Board Games
Card Games
Pokémon
Mario
Nintendo
Minecraft
Console
Toys
Legend of Zelda
Random Quiz
Search Sporcle
×
Quiz Lab
Quiz Lab
Gaming
mmorpg
Type in answers that appear in a list
Type in answers that appear in a list
Classic
Best Score? Go Orange.
A-Z of Tibia Stats
Can you name the A-Z of Tibia (MMORPG)
By
Drenzo22
2m
26 Questions
277 Plays
277 Plays
277 Plays
Comments
Comments
Give Quiz Kudos
Give Quiz Kudos
-
- Ratings
hide this ad
Replay
Link that replays current quiz
Next Quiz
Link to next quiz in quiz playlist
You Got
0%
They Got
Avg Score
55%
Avg Friend Score
Upgrade to see
Score Distribution
Jump to the score distribution portion of the page
Score
0/26
Timer
02:00
0
Plays Today
Hint
Answer
% Correct
D -
You will face six of these in the 'Annihilator
Demon
93.8%
B -
Item of Footwear -
Speed
Boots of Haste
92.4%
C -
Company that owns tibia
Cipsoft
89.5%
A -
Desert City
Ankrahmun
86.5%
F -
Island town, south west of Thais
Fibula
85.5%
E -
Island City -
Premium only
Edron
84.7%
L -
Items found inside dead creatures
Loot
78.9%
M -
Every spell requires this to cast
Mana
78.9%
H -
Stops the drowning effect when underwater
Helmet of the Deep
71.6%
G -
Knights may have trouble killing these
Ghost
60.7%
I -
Hardcore PvP world
Inferna
57.8%
S -
Vocation based on offensive magic
Sorcerer
56.7%
Q -
Underwater Species
Quara
56.4%
Hint
Answer
% Correct
O -
E.g -
Citizen, Warrior, Oriental
Outfit
55.6%
J -
Hard hitting creature with 20,000 HP
Juggernaut
55.3%
W -
When two guilds fight one another
War
44%
U -
The incantation that must be said to provide light
Utevo Lux
39.3%
N -
A sword weapon dropped by grim reapers
Nightmare Blade
38.5%
K -
A close relation to the crocodile, found in Zao
Killer Caiman
37.5%
P -
A quest at level 30, It may take a while
Paradox
34.2%
V -
Undead creature, yeilds 305 experience
Vampire
34.2%
Y -
City split up into 'Quarters'
Yalahar
33.8%
R -
Very common creature, found all over tibia
Rotworm
32.4%
T -
Island you must visit if wishing to change worlds
Travora
18.5%
X -
A game world on tibia
Xantera
13.8%
Z -
Inquisition boss with over 90,000 HP
Zugurosh
12.4%
Quiz Playlist
Details
Report
Send in Message
Add To Playlist
Classic:
Type in answers that appear in a list
Last Updated: Feb 16, 2017
Quiz Scoreboard
CHALLENGE
Sign Up to Join the Scoreboard
Show All
Scores
Hide
Comments
May contain spoilers
Recently Published
1-10 Letter E Words III
by El_Dandy
Language
2m
One Thing in Common: World Cities II
by knightlancer
Geography
7m
Popular People in 1961
by mucciniale
History
6m
More to Explore
Quiz From the Vault
Featured Blog Post
Where Did the Easter Bunny Come From?
hide this ad
You Might Also Like...
Tags
A-Z
mmorpg
tibia
Today's Top Quizzes in Gaming
Browse Gaming
hide this ad
Today's Top Quizzes in mmorpg
Browse mmorpg
Top Contributed Quizzes in Gaming
1
Destiny 2 exotic weapons by perk icons
2
Who's on the WWE 2K24 Cover?
3
Windmill: Pokémon
4
Genshin Impact Logic Puzzle
5
Overwatch 2: Ultimate Ability Icons
6
Overwatch 2 Heroes by Selection Quote
7
Genshin murder mystery
8
Legendary or Exotic?
9
Overwatch Logic Puzzle
10
Genshin Impact Logic Puzzle Quiz II
Explore More
Trending Topics
Disney
Harry Potter
Kpop
NBA
Crossword
Anime
Marvel
Pokémon
WWE
Song
Country
Puzzle
The Office
Soccer
NFL
hide this ad
More By:
Drenzo22
Quiz
Plays
Rating
Category
Featured
Created
A-Z of Tibia
277
5.00
Gaming
Oct 21, 2013
Go to Creator's Profile
Score Distribution
Quiz Creator Spotlight
Drenzo22
Follow
Send a Message
Quizzes Created
-
Created Quiz Play Count
-
More By This Creator
Popular Quizzes Today
1
Find the US States - No Outlines Minefield
2
The Countries of the World
3
Popular People in 1961
4
Find the Countries of Europe - No Outlines Minefield
5
1-10 Letter E Words III
6
Find the US States
7
One Thing in Common: World Cities II
8
US States
More Gaming Quizzes
Dark Souls 3 Bosses Badly Translated
Quiz Lab
Trending Quizzes
1-10 Letter F Words
One Thing in Common: Music
1-10 Letter G Words
Risky Map Clicking: Next State Alphabetically
1-10 Letter F Words II
Recently Updated
Leaping Animals
pecheneg
Reality TV Shows (A-Z)
bhenderson79
Rickey Henderson's Hall of Fame Teammates
pecheneg
Champions League XIs: Arsenal
pecheneg
Quick Pick: Celebrities in WWE's Hall of Fame
aduchscher
A-Z Keypad Blitz II
pecheneg
Multiple Oscar Actors
pecheneg
Mystery Phrase Blitz: Oscar 'Best Actors'
pecheneg
F. Scott Fitzgerald Novels
LTH
Pick 3 Villains
ddd62291
Trending Topics
Marvel
Disney
NBA
Anime
Kpop
Crossword
Harry Potter
NFL
Pokémon
Country
WWE
Song
Puzzle
Soccer
The Office
Your Account Isn't Verified!
In order to create a playlist on Sporcle, you need to verify the email address you used during registration. Go to your
Sporcle Settings
to finish the process.
Report this User
Report this user for behavior that violates our
Community Guidelines
.
Details:
Send Report
Go to the Sporcle.com Mobile Site →
Comments